| 000 | 00635nam a22001457a 4500 | ||
|---|---|---|---|
| 020 | _a978-1-4075-0239-7 | ||
| 082 |
_a823 _bMCE/H |
||
| 100 | _aPORYES, MICHAEL | ||
| 245 |
_aHANNA MONTANA _bSUPER SNEAK |
||
| 260 |
_aUNITED KINGDOM _bPARRAGON _c2007 |
||
| 300 | _a124 | ||
| 520 | _aMiley sneaks out with Lily and Oliver to attend the preview of a hot new movie, even though her dad told her to stay home and study for exams. But, when her single dad shows up at the same theatre with a mystery woman, Miley wonders who she is, and how she can find out without giving her own secret away. | ||
| 650 |
_aNOVEL _zUNITED KINGDOM |
||
| 942 | _cBK | ||
| 999 |
_c2327 _d2327 |
||